000 00855nas a2200289 4500
001 BR0002232
003 BR-BrBNA
005 20231205101833.0
007 ta
008 230509b bl.|||p| |||| 00| 00por d
040 _aBR-BrBNA
_bpor
_cBiblioteca Nacional de Agricultura
041 _a(Pt)
072 _aP33
100 1 _aSales, L.E. de O.
100 1 _aFerreira, M.M.
100 1 _aOliveira, M.S. de
100 1 _aCuri, N.
245 1 _aEstimativa da velocidade de infiltracao basica do solo
650 _aSolo
650 _aCondutividade Hidraulica
650 _aInfiltracao
650 _aPodzolico Vermelho Amarelo
650 _aMinas Gerais
773 0 _tPesquisa Agropecuaria Brasileira (Brazil)
_xISSN 0100-204X
_g(Nov 1999), v. 34(11) p. 2091-2095
_wBR0002232
909 _a202311
_bLúcia
_c55
_dLúcia Elande
942 _2AGRIS
_n0
_cANA
999 _c164234
_d164234